Stone Cold Steve Austin trivia - Statistics

General Stats
  • This quiz has been taken 393 times
  • The average score is 15 of 24
Answer Stats
Hint Answer % Correct
What is the name of Stone Cold's finishing move? Stone Cold Stunner
99%
Who did Austin face at Wrestlemania three times, in 1999, 2001, and 2003? The Rock
90%
What year did Austin win the King of the Ring tournament? 1996
88%
Complete the catchphrase: "And ____'_ ___ ______ ____, 'cause Stone Cold said so!" that's the bottom line
87%
Who caused a bloodied Stone Cold to pass out in his submission move at Wrestlemania 13? Bret "the Hitman" Hart
83%
How many times did Austin win the Royal Rumble? 3
82%
Austin won his first championship at Wrestlemania XIV. Who did he defeat to claim the title? Shawn Michaels
81%
Who helped Austin win the WWF Championship at Wrestlemania X-Seven? Vince McMahon
78%
What single-word catchphrase did Austin use, which fans continued to chant for years after his retirement? What?
77%
Who supposedly ran over Stone Cold with a car at Survivor Series 1999? Rikishi
74%
Who did he defeat in the final match of the tournament? Jake "the Snake" Roberts
72%
Who won the WWF Championship from Austin at King of the Ring 1998, but lost it back to him the next night on Raw? Kane
71%
How many times has Austin won the WWF Championship? 6
70%
Who was the "special enforcer" for that match? Mike Tyson
68%
In 2002, Austin walked out on the WWE because he was scripted to lose to which up-and-coming superstar? Brock Lesnar
66%
What was Steve Austin's nickname when he first debuted in the WWF? The Ringmaster
66%
What injury did Austin suffer during a match with Owen Hart at SummerSlam in 1997? broken neck
63%
Who was Steve Austin's partner in the WCW tag team Hollywood Blonds? Brian Pillman
61%
Who did Austin marry in 2000 and divorce in 2003, after pleading no contest to charges of domestic abuse? Debra Marshall
50%
What was the name of Stone Cold's tag team with Triple H in 2001? Two Man Power Trip
39%
What band recorded a version of Stone Cold's theme song called "Glass Shatters," which served as his entrance music in 2000-2001? Disturbed
27%
Austin has driven to the ring in various vehicles, including an ATV and a beer truck. What was the first vehicle he drove to the ring? a zamboni
25%
What is the name of Steve Austin's weekly podcast? The Steve Austin Show
12%
In what cartoon did Stone Cold appear as a judge in 2000? Dilbert
10%
No matching quizzes found
Score Distribution
Percent of People with Each Score
Percentile by Number Answered
Your Score History
You have not taken this quiz